Éléments par image - Statistiques

Statistiques générales
  • Ce quiz a été pris 133 fois
  • Le résultat moyen est 7 sur 16
Statistiques - réponses
Par images Réponse % Correct
Or
98%
Fer
70%
Aluminium | Étain
69%
Hélium | Hydrogène
67%
Mercure
57%
Chlore
47%
Sodium
47%
Néon
46%
Calcium
42%
Carbone
42%
Uranium
37%
Potassium
27%
Chrome
22%
Plomb
22%
Tungstène
14%
Silicium
9%
Aucun quiz correspondant
Distribution des résultats
% des personnes avec chaque résultat
Percentile par nombre de réponses
Votre historique - résultats
Vous n’avez pas pris ce quiz